<?xml version="1.0" encoding="UTF-8"?>
<collection xmlns="http://www.loc.gov/MARC21/slim">
 <record>
  <leader>00792nab a2200193 i 4500</leader>
  <controlfield tag="001">publ37086</controlfield>
  <controlfield tag="005">20250624124139.0</controlfield>
  <controlfield tag="008">250624s2025    hu      o     000   eng d</controlfield>
  <datafield tag="022" ind1=" " ind2=" ">
   <subfield code="a">0025-5629</subfield>
  </datafield>
  <datafield tag="024" ind1="7" ind2=" ">
   <subfield code="a">36100875</subfield>
   <subfield code="2">mtmt</subfield>
  </datafield>
  <datafield tag="040" ind1=" " ind2=" ">
   <subfield code="a">SZTE Publicatio Repozitórium</subfield>
   <subfield code="b">hun</subfield>
  </datafield>
  <datafield tag="041" ind1=" " ind2=" ">
   <subfield code="a">eng</subfield>
  </datafield>
  <datafield tag="100" ind1="1" ind2=" ">
   <subfield code="a">Kórus Péter</subfield>
  </datafield>
  <datafield tag="245" ind1="1" ind2="0">
   <subfield code="a">English summary</subfield>
   <subfield code="h">[elektronikus dokumentum] :</subfield>
   <subfield code="b">Zhu, Wen Sheng; Meftah, Badreddine; Xu, Hongyan; Jarad, Fahd; Lakhdari, Abdelghani: On parameterized inequalities for fractional multiplicative integrals. Demonstr. Math. 57 (2024), no. 1, Paper No. 20230155, 17 pp. /</subfield>
   <subfield code="c"> Kórus Péter</subfield>
  </datafield>
  <datafield tag="260" ind1=" " ind2=" ">
   <subfield code="c">2025</subfield>
  </datafield>
  <datafield tag="300" ind1=" " ind2=" ">
   <subfield code="a">1</subfield>
  </datafield>
  <datafield tag="490" ind1="0" ind2=" ">
   <subfield code="a">MATHEMATICAL REVIEWS</subfield>
   <subfield code="v">2025</subfield>
  </datafield>
  <datafield tag="650" ind1=" " ind2="4">
   <subfield code="a">Matematika</subfield>
  </datafield>
  <datafield tag="856" ind1="4" ind2="0">
   <subfield code="u">http://publicatio.bibl.u-szeged.hu/37086/1/4722271online.pdf</subfield>
   <subfield code="z">Dokumentum-elérés </subfield>
  </datafield>
 </record>
</collection>
